Prawdziwi ludzie - nagła śmierć #2 (Polska) - Statystyki

Ogólne statystyki
  • Ten quiz został rozwiązany 7 690 razy
  • Średni wynik to 11 z 25
Answers on the Grid
Answers color-coded by a green-red scale on the quiz's grid according to % correct below.
Stefan Wyszyński
Król Popiel
Ferdynand Kiepski
Gall Anonim
Tomasz Komenda
Bezprym
Stanisław ze Szczepanowa
Kazimierz Wielki
Władysław Gomułka
Staś Tarkowski
Cezary Pazura
Stańczyk
Zawisza Czarny
Wincenty Kadłubek
Paweł Edmund Strzelecki
Jan Kaczkowski
Witold Pilecki
Lech Protoplasta
Izabela Łęcka
Stefan Czarniecki
Mieszko I
Bolesław Zapomniany
Tadeusz Kościuszko
Władysław Anders
Karol Krawczyk
Ojciec Mateusz
Janosik
Petroniusz
Leszek Biały
Zbyszko z Bogdańca
Emilia Plater
Kazimierz Pułaski
Alek
Marek Winicjusz
Ordon
Andrzej Kmicic
Jacek Soplica
Orszula
Pan Kleks
Konrad Wallenrod
 
Statystyki odpowiedzi
Odpowiedź % Poprawnych
Stefan Wyszyński
87%
Kazimierz Wielki
71%
Tomasz Komenda
71%
Mieszko I
70%
Władysław Gomułka
69%
Cezary Pazura
68%
Witold Pilecki
64%
Zawisza Czarny
59%
Gall Anonim
58%
Tadeusz Kościuszko
57%
Stefan Czarniecki
56%
Władysław Anders
47%
Emilia Plater
40%
Wincenty Kadłubek
40%
Bezprym
38%
Kazimierz Pułaski
35%
Stańczyk
32%
Jan Kaczkowski
31%
Paweł Edmund Strzelecki
29%
Leszek Biały
26%
Alek
21%
Stanisław ze Szczepanowa
18%
Orszula
15%
Ordon
14%
Petroniusz
6%
Nie znaleziono quizów pasujących do podanych kryteriów
Rozkład punktacji
Procent ludzi z każdym wynikiem
Percentyl według liczby udzielonych odpowiedzi
Twoja historia wyników
Nie rozwiązałeś tego quizu